Normal view
MARC view
Entry Topical Term
001 - CONTROL NUMBER
- control field: 51877
003 - CONTROL NUMBER IDENTIFIER
- control field: ARRUPE
005 - DATE AND TIME OF LATEST TRANSACTION
- control field: 20221121110720.0
008 - FIXED-LENGTH DATA ELEMENTS
- fixed length control field: 221121|| aca||aabn | a|a d
040 ## - CATALOGING SOURCE
- Original cataloging agency: ARRUPE
- Transcribing agency: ARRUPE
150 ## - HEADING--TOPICAL TERM
- Topical term or geographic name as entry element: Lutheran Church
- General subdivision: Sermons
670 ## - SOURCE DATA FOUND
- Source citation: Work cat.: (ARRUPE)131545: Thielicke, Helmut, 1908-1986. 34111, How modern should theology be?, 1970.